000 00683nam a2200217 4500
001 148223
003 ES-MaACL
005 20250824230755.0
007 t|
008 070214s1951 sp r ||||1| spa d
100 1 _aStolz, Anselm.
_9108297
245 1 0 _aTeología de la mística /
_cAnselm Stolz ; [traducido por Luis Pelayo Arribas].
250 _a[1ª ed. española].
260 _aMadrid :
_bRialp,
_c1951 (
_fAltamira)
300 _a301 p. ;
_c17 cm.
490 1 _aPatmos, Libros de Espiritualidad ;
_v12
700 1 _aPelayo Arribas, Luis.
_990028
830 0 0 _aPatmos (Rialp)
_v12
_9181154
852 _aES-MaACL
_jD-7387
_bR.31525
999 _c148223
_d148223